00980pam a2200253 a 45000010005000000030004000050050017000090080041000260200032000670400018000990500021001170820015001382450231001532500012003842600046003963000068004425000020005105040030005306500046005606500049006067000024006557000025006797000022007048053OSt20160211144006.0811008s1981 cauaf b 001 0 eng  a0865760152 (pbk.) :c$13.95 aDLCcDLCdDLC10aQL812b.V47 198100a596.0421900aVertebrates, a laboratory text /ceditors, Norman K. Wessells, Elizabeth M. Center ; illustrator, Nina Shapley ; authors, Henry B. Kistler, Jr. ... [et al.] ; with a section on the mudpuppy by Carl Gans and Ronald A. Nussbaum. a2nd ed. aLos Altos, Calif. :bW. Kaufmann,cc1981. avi, 259 p., [10] leaves of plates :bill. (some col.) ;c28 cm. aIncludes index. aBibliography: p. 239-241. 0aVertebratesxAnatomyxLaboratory manuals. 0aVertebratesxPhysiologyxLaboratory manuals.1 aWessells, Norman K.1 aCenter, Elizabeth M.1 aKistler, Henry B.